<?xml version="1.0" encoding="UTF-8"?>
<marc:record xmlns:marc="http://www.loc.gov/MARC21/slim">
   <marc:leader>00000nam a2200000 a 4500</marc:leader>
   <marc:datafield ind1="1" ind2=" " tag="100">
      <marc:subfield code="a">Stanisi´c, Sasa</marc:subfield>
      <marc:subfield code="4">aut</marc:subfield>
      <marc:subfield code="e">Verfasser/-in</marc:subfield>
   </marc:datafield>
   <marc:datafield ind1=" " ind2=" " tag="653">
      <marc:subfield code="a">Erzählungen</marc:subfield>
   </marc:datafield>
   <marc:datafield ind1="0" ind2="0" tag="245">
      <marc:subfield code="a">Möchte die Witwe angesprochen werden, platziert sie auf dem Grab   die Gießkanne mit dem Ausguss nach vorne</marc:subfield>
   </marc:datafield>
   <marc:datafield ind1=" " ind2="1" tag="264">
      <marc:subfield code="b">Luchterhand</marc:subfield>
      <marc:subfield code="c">2024</marc:subfield>
   </marc:datafield>
   <marc:datafield ind1="1" ind2=" " tag="520">
      <marc:subfield code="a">Was wäre, wenn man nicht diese eine Entscheidung getroffen hätte, sondern jene andere? Was wäre, hätte man der Erwartung getrotzt?    Und dann ist da trotzdem die Furcht, feige gewesen zu sein, zu lange gezögert und etwas verpasst zu haben, ein besseres Ich, ein größeres Glück, die lustigeren Haustiere und Partner.    Sasa Stanisic führt uns an Orte, an denen das auf einmal möglich ist: den schwierigeren Weg zu gehen, eine unübliche Wahl zu treffen oder die eine gute Lüge auszusprechen.    So wie die Reinigungskraft, die beschließt, mit einer Bürste aus Ziegenhaar in der Hand, endlich auch das Leben in die eigenen Hände zu nehmen. So wie der Justiziar, der bereit ist zu betrügen, um endlich gegen seinen achtjährigen Sohn im Memory zu gewinnen. Und so wie der deutsch-bosnische Schriftsteller, der zum ersten Mal nach Helgoland reist, nur um dort festzustellen, dass er schon einmal auf Helgoland gewesen ist.    Am besten wäre ja, man könnte ein Leben probeweise erfahren, bevor man es wirklich lebt.</marc:subfield>
   </marc:datafield>
   <marc:datafield ind1=" " ind2=" " tag="020">
      <marc:subfield code="a">9783630877686</marc:subfield>
      <marc:subfield code="9">9783630877686</marc:subfield>
   </marc:datafield>
</marc:record>
